000 00733nam a2200241Ia 4500
003 OSt
005 20220927105207.0
006 a|||||r|||| 00| 0
007 ta
008 220926b |||||||| |||| 00| 0 eng d
024 _a159337
037 _cReference Collections
040 _aRTL
_cRTL
_beng
041 _2eng
_aeng
082 _a"X71m235,N20.N6, K4"
110 _aMAHARASHTRA (Government of-)
_9370782
245 0 _aBudget
_b Detailed estimates of the third five-year plan schemes
260 _aBombay
_bGovernment Publication
_c1964
300 _a287p
_ccm.
700 _aMAHARASHTRA (Government of-)
_9370783
942 _h"X71m235,N20.N6, K4"
_cCC
999 _c691082
_d691082